[Event "4th Isthmia Open 2014"]
[Site "Vrachati GRE"]
[Date "2014.08.23"]
[Round "7.11"]
[White "Sandalakis, Angelos"]
[Black "Tsolakidou, Stavroula"]
[Result "1-0"]
[BlackTitle "WFM"]
[WhiteElo "2406"]
[BlackElo "2240"]
[WhiteFideId "4207645"]
[BlackFideId "4264312"]
[EventDate "2014.08.18"]

1. Nf3 Nf6 2. c4 e6 3. g3 d5 4. d4 c5 5. Bg2 cxd4 6. Nxd4 e5 7. Nb3 d4 8. O-O
Nc6 9. f4 e4 10. f5 g6 11. Bg5 Be7 12. Bxf6 Bxf6 13. Bxe4 Bg5 14. Na3 Be3+ 15.
Kh1 Qe7 16. Qb1 Ne5 17. f6 Qc7 18. Nb5 Qb6 19. Bd5 O-O 20. Qe4 Ng4 21. N5xd4
Nf2+ 22. Rxf2 Bxf2 23. Qf4 Bxd4 24. Nxd4 Bh3 25. Rd1 h5 26. Qg5 Kh7 27. Qh4 Bg4
28. h3 Be6 29. Be4 Qa5 30. b4 Qe5 31. Nf3 Qb2 32. Qxh5+ Kg8 33. Bxg6 1-0

[Event "4th Isthmia Open 2014"]
[Site "Vrachati GRE"]
[Date "2014.08.23"]
[Round "7.12"]
[White "Dimitrov, Atanas"]
[Black "Kouvatsou, Maria"]
[Result "1-0"]
[WhiteTitle "IM"]
[BlackTitle "WGM"]
[WhiteElo "2324"]
[BlackElo "2100"]
[WhiteFideId "2901315"]
[BlackFideId "4203593"]
[EventDate "2014.08.18"]

1. d4 Nf6 2. c4 g6 3. Nc3 Bg7 4. e4 d6 5. Nge2 O-O 6. Ng3 e5 7. d5 c6 8. h4 Qb6
9. Be2 Qd4 10. Qb3 Qb6 11. Be3 Qxb3 12. axb3 Na6 13. O-O c5 14. Nb5 Ne8 15. Bd2
Bd7 16. h5 f5 17. hxg6 hxg6 18. f3 f4 19. Nh1 Bf6 20. g3 fxg3 21. Nxg3 Bh4 22.
Kg2 Bxb5 23. cxb5 Nb4 24. Rfc1 a5 25. bxa6 Nxa6 26. Bh6 Rf7 27. Be3 Nf6 28. Rh1
Bxg3 29. Kxg3 Nh5+ 30. Kf2 Nf4 31. Rh6 Rg7 32. Bxf4 exf4 33. Rg1 Kf7 34. Rg4 Nb4
35. Rxf4+ Ke7 36. Rg4 Kf6 37. f4 Ra2 38. f5 Rxb2 39. Rhxg6+ Rxg6 40. fxg6 Nd3+
41. Kf1 Rb1+ 42. Kg2 Rb2 43. g7 Rxe2+ 44. Kf3 Rf2+ 45. Ke3 Ne5 46. g8=Q 1-0

[Event "4th Isthmia Open 2014"]
[Site "Vrachati GRE"]
[Date "2014.08.24"]
[Round "8.1"]
[White "Postny, Evgeny"]
[Black "Nikolaidis, Ioannis"]
[Result "1-0"]
[WhiteTitle "GM"]
[BlackTitle "GM"]
[WhiteElo "2651"]
[BlackElo "2559"]
[WhiteFideId "2804344"]
[BlackFideId "4202139"]
[EventDate "2014.08.18"]

1. d4 e6 2. c4 Bb4+ 3. Bd2 Bxd2+ 4. Qxd2 Nh6 5. Nc3 O-O 6. Nf3 d6 7. g3 f5 8.
Bg2 Nf7 9. O-O-O c6 10. e4 Nd7 11. Rhe1 Qa5 12. exf5 exf5 13. Ng5 Nxg5 14. Qxg5
Nf6 15. d5 c5 16. Re7 Rf7 17. Rxf7 Kxf7 18. Bh3 Qb4 19. Qf4 Bd7 20. a3 Qb6 21.
Bxf5 Bxf5 22. Qxf5 Re8 23. Qd3 a6 24. Kc2 Qd8 25. Rd2 Qd7 26. f3 Re5 27. Re2
Rxe2+ 28. Qxe2 Qf5+ 29. Kb3 g5 30. Ne4 Qe5 31. Qd3 b5 32. Nxf6 Kxf6 33. Ka2 bxc4
34. Qxc4 h5 35. Kb3 g4 36. f4 Qf5 37. Ka4 Qb1 38. Qe2 Qf5 39. Qc4 Qb1 40. Qc3+
Kf7 41. Ka5 Qd1 42. Qc4 Qd2+ 43. b4 Qxh2 44. bxc5 Qxg3 45. c6 Qxa3+ 46. Kb6 g3
47. c7 g2 48. c8=Q g1=Q+ 49. Kb7 Qb2+ 50. Ka8 Qgb6 51. Qe6+ Kg7 52. Qe7+ 1-0

[Event "4th Isthmia Open 2014"]
[Site "Vrachati GRE"]
[Date "2014.08.24"]
[Round "8.2"]
[White "Kotronias, Vasilios"]
[Black "Banikas, Hristos"]
[Result "0-1"]
[WhiteTitle "GM"]
[BlackTitle "GM"]
[WhiteElo "2552"]
[BlackElo "2644"]
[WhiteFideId "5900212"]
[BlackFideId "4202031"]
[EventDate "2014.08.18"]

1. e4 c5 2. Nf3 e6 3. d4 cxd4 4. Nxd4 Nc6 5. Nc3 Qc7 6. Be3 a6 7. Bd3 Nf6 8. O-O
Nxd4 9. Bxd4 Bc5 10. Bxc5 Qxc5 11. Qd2 d6 12. Rae1 Bd7 13. Kh1 Bc6 14. f4 O-O-O
15. a3 d5 16. exd5 Nxd5 17. Ne4 Qd4 18. Ng5 Qf6 19. Qc1 h6 20. Ne4 Qd4 21. b4 g5
22. fxg5 hxg5 23. Nxg5 Rdg8 24. Be4 Qe5 25. Nh3 Rxh3 26. gxh3 Qxe4+ 27. Rxe4 Nf6 0-1

[Event "4th Isthmia Open 2014"]
[Site "Vrachati GRE"]
[Date "2014.08.24"]
[Round "8.3"]
[White "Maiorov, Nikita1"]
[Black "Halkias, Stelios"]
[Result "1/2-1/2"]
[WhiteTitle "GM"]
[BlackTitle "GM"]
[WhiteElo "2541"]
[BlackElo "2544"]
[WhiteFideId "13501720"]
[BlackFideId "4201809"]
[EventDate "2014.08.18"]

1. d4 d5 2. c4 e6 3. Nf3 Nf6 4. Nc3 Be7 5. Bg5 h6 6. Bh4 O-O 7. e3 Ne4 8. Bxe7
Qxe7 9. Rc1 c6 10. Bd3 Nxc3 11. Rxc3 Nd7 12. O-O dxc4 13. Bxc4 b6 14. Qe2 1/2-1/2

[Event "4th Isthmia Open 2014"]
[Site "Vrachati GRE"]
[Date "2014.08.24"]
[Round "8.4"]
[White "Papaioannou, Ioannis"]
[Black "Dimitrov, Atanas"]
[Result "1-0"]
[WhiteTitle "GM"]
[BlackTitle "IM"]
[WhiteElo "2641"]
[BlackElo "2324"]
[WhiteFideId "4201345"]
[BlackFideId "2901315"]
[EventDate "2014.08.18"]

1. d4 Nf6 2. c4 g6 3. Nc3 Bg7 4. e4 d6 5. f3 O-O 6. Be3 a6 7. Nge2 b6 8. Qd2 c5
9. d5 e6 10. Ng3 exd5 11. cxd5 Nbd7 12. Be2 h5 13. O-O h4 14. Nh1 Nh7 15. Nf2 b5
16. Rae1 Re8 17. Ng4 Ndf6 18. Nf2 Bb7 19. Bh6 Bh8 20. a3 Rc8 21. Bd3 Qd7 22. Kh1
Re7 23. Ncd1 c4 24. Bb1 Qc7 25. Nc3 Ree8 26. f4 Qd7 27. f5 Re5 28. Bf4 Qe7 29.
fxg6 fxg6 30. Bxe5 Qxe5 31. Ne2 Ng5 32. Nf4 Kh7 33. N2h3 Bg7 34. Nxg6 Kxg6 35.
Rf5 1-0

[Event "4th Isthmia Open 2014"]
[Site "Vrachati GRE"]
[Date "2014.08.24"]
[Round "8.5"]
[White "Kharitonov, Alexandr"]
[Black "Mastrovasilis, Athanasios"]
[Result "1/2-1/2"]
[WhiteTitle "GM"]
[BlackTitle "GM"]
[WhiteElo "2559"]
[BlackElo "2526"]
[WhiteFideId "4135202"]
[BlackFideId "4201990"]
[EventDate "2014.08.18"]

1. d4 Nf6 2. c4 e6 3. Nc3 Bb4 4. e3 O-O 5. Bd3 d5 6. Nf3 c5 7. O-O b6 8. cxd5
exd5 9. Ne5 Bxc3 10. bxc3 Ba6 11. Bxa6 1/2-1/2

[Event "4th Isthmia Open 2014"]
[Site "Vrachati GRE"]
[Date "2014.08.24"]
[Round "8.6"]
[White "Antic, Dejan"]
[Black "Rychagov, Andrey"]
[Result "1/2-1/2"]
[WhiteTitle "GM"]
[BlackTitle "GM"]
[WhiteElo "2485"]
[BlackElo "2544"]
[WhiteFideId "901008"]
[BlackFideId "4119932"]
[EventDate "2014.08.18"]

1. d4 d5 2. c4 e6 3. Nf3 Nf6 4. Nc3 Be7 5. g3 O-O 6. Bg2 dxc4 7. Ne5 Nc6 8. Bxc6
bxc6 9. Nxc6 Qe8 10. Nxe7+ Qxe7 11. Qa4 Qd8 12. Nb1 1/2-1/2

[Event "4th Isthmia Open 2014"]
[Site "Vrachati GRE"]
[Date "2014.08.24"]
[Round "8.7"]
[White "Drakoulakos, Grigorios"]
[Black "Sandalakis, Angelos"]
[Result "1/2-1/2"]
[WhiteElo "2161"]
[BlackElo "2406"]
[WhiteFideId "4264541"]
[BlackFideId "4207645"]
[EventDate "2014.08.18"]

1. e4 c6 2. Nc3 d5 3. Nf3 a6 4. d4 Bg4 5. h3 Bh5 6. g4 Bg6 7. Bd3 e6 8. Qe2 Nf6
9. g5 Nxe4 10. Nxe4 dxe4 11. Bxe4 Bd6 12. Bd2 Nd7 13. O-O-O Qc7 14. Rhe1 O-O-O
15. Kb1 Rhe8 16. Bxg6 hxg6 17. Qe4 Kb8 18. c4 c5 19. Bc3 cxd4 20. Qxd4 Bf8 1/2-1/2

[Event "4th Isthmia Open 2014"]
[Site "Vrachati GRE"]
[Date "2014.08.24"]
[Round "8.8"]
[White "Lekic, Lazar"]
[Black "Delchev, Aleksander"]
[Result "0-1"]
[BlackTitle "GM"]
[WhiteElo "2217"]
[BlackElo "2655"]
[WhiteFideId "900052"]
[BlackFideId "2900394"]
[EventDate "2014.08.18"]

1. e4 c6 2. d4 d5 3. e5 c5 4. dxc5 Nc6 5. Bb5 e6 6. Be3 Ne7 7. c3 Bd7 8. Bxc6
Bxc6 9. Nf3 Nf5 10. Bd4 Be7 11. O-O O-O 12. b4 a5 13. a3 Qb8 14. Re1 Rc8 15. Qd3
b6 16. cxb6 Nxd4 17. Qxd4 Bd8 18. Ra2 Bxb6 19. Qd3 Bb5 20. Qd2 Bc4 21. Rb2 axb4
22. axb4 Ra1 23. Nd4 Qa7 24. g3 h6 25. Kg2 Ra8 26. Nc2 Ra4 27. Nd4 Qc7 28. Qc1
Bd3 29. Nb3 Ra2 30. Qd2 Be4+ 31. f3 Rxb2 32. Qxb2 Bxb1 33. Rxb1 Qxe5 34. Nd4 Qe3
35. Ra1 Rc8 36. Ra6 Bxd4 37. cxd4 Qd3 38. Ra2 Rc3 39. Qf2 Rc4 40. Rb2 Qxd4 41.
Qxd4 Rxd4 42. b5 Rc4 43. b6 Rc8 44. f4 Kf8 45. Kf3 Ke7 46. f5 e5 47. Rb5 Kd6 48.
f6 Kc6 49. b7 Rb8 50. Ra5 gxf6 51. Ra6+ Kc5 0-1

[Event "4th Isthmia Open 2014"]
[Site "Vrachati GRE"]
[Date "2014.08.24"]
[Round "8.9"]
[White "Malikentzos, Sotirios"]
[Black "Mouroutis, Konstantinos"]
[Result "1-0"]
[WhiteTitle "FM"]
[WhiteElo "2380"]
[BlackElo "2175"]
[WhiteFideId "4215079"]
[BlackFideId "4204689"]
[EventDate "2014.08.18"]

1. Nf3 Nf6 2. c4 e6 3. g3 d5 4. Bg2 dxc4 5. Qa4+ Nbd7 6. Qxc4 a6 7. Qb3 c5 8. a4
Bd6 9. Na3 Qc7 10. Nc4 b6 11. Nfe5 Nd5 12. Nxd7 Bxd7 13. e4 Bc6 14. exd5 exd5
15. Nxd6+ Qxd6 16. O-O O-O 17. d4 Rab8 18. Bf4 1-0

[Event "4th Isthmia Open 2014"]
[Site "Vrachati GRE"]
[Date "2014.08.24"]
[Round "8.10"]
[White "Markidis, Konstantinos"]
[Black "Papadimitriou, Loukas"]
[Result "1-0"]
[WhiteElo "2322"]
[BlackElo "2089"]
[WhiteFideId "4203500"]
[BlackFideId "4204662"]
[EventDate "2014.08.18"]

1. e4 c5 2. Nf3 g6 3. c3 Bg7 4. d4 cxd4 5. cxd4 d5 6. e5 Nc6 7. Bb5 Bg4 8. Bxc6+
bxc6 9. Nbd2 Qb6 10. O-O Nh6 11. h3 Bc8 12. Nb3 O-O 13. Re1 f6 14. Bf4 g5 15.
exf6 exf6 16. Bd6 Rd8 17. Bc5 Qc7 18. Qd2 Bf5 19. Re7 Rd7 20. Rae1 Be4 21. Rxd7
Qxd7 22. Nh2 g4 23. hxg4 Nxg4 24. Qf4 Nxh2 25. Kxh2 Qf7 26. f3 Qh5+ 27. Kg1 Bf5
28. Re2 Bd3 29. Re7 a5 30. Qc7 Bh6 31. Qxc6 Rf8 32. Nxa5 Kh8 33. Qe6 Bf5 34. Qd6
Qg5 35. Nb3 Rg8 36. Qh2 Bc2 37. g4 Be4 38. Nd2 Bxf3 39. Nxf3 Qxg4+ 40. Kf2 Qg6
41. Re2 Bc1 42. b3 Qg4 43. Bd6 h5 44. Bg3 Bg5 45. b4 Rc8 46. Nxg5 fxg5 47. Be5+
Kg8 48. Qg2 Rf8+ 49. Kg1 Qf5 50. Qxd5+ Rf7 51. Qg2 g4 52. Rf2 Qc8 53. Qd5 1-0

[Event "4th Isthmia Open 2014"]
[Site "Vrachati GRE"]
[Date "2014.08.24"]
[Round "8.11"]
[White "Stathopoulos, Ioannis"]
[Black "Ioannidis, Evgenios"]
[Result "1/2-1/2"]
[WhiteTitle "FM"]
[BlackTitle "FM"]
[WhiteElo "2271"]
[BlackElo "2064"]
[WhiteFideId "4223098"]
[BlackFideId "4229274"]
[EventDate "2014.08.18"]

1. Nf3 Nf6 2. c4 e6 3. g3 d5 4. Bg2 c6 5. b3 Bd6 6. Bb2 O-O 7. O-O Nbd7 8. d4
Ne4 9. Nfd2 Nef6 10. Nc3 Re8 11. e4 dxe4 12. Ndxe4 Bc7 13. f4 Nxe4 14. Nxe4 Nf6
15. Qc2 Nxe4 16. Bxe4 h6 17. Kg2 a5 18. Rad1 Qe7 19. Qc3 Qb4 20. Qc1 Qe7 21.
Rfe1 a4 22. d5 cxd5 23. cxd5 Ba5 24. Re3 axb3 25. axb3 exd5 26. Bh7+ Kxh7 27.
Rxe7 Rxe7 28. Qc2+ g6 29. Rxd5 b6 30. Kf2 Bg4 31. Bd4 Rc8 32. Qxc8 Re2+ 33. Kf1
Re1+ 1/2-1/2

[Event "4th Isthmia Open 2014"]
[Site "Vrachati GRE"]
[Date "2014.08.24"]
[Round "8.12"]
[White "Vragoteris, Antonios"]
[Black "Bellos, Ioannis"]
[Result "1/2-1/2"]
[WhiteTitle "FM"]
[WhiteElo "2235"]
[BlackElo "2075"]
[WhiteFideId "4200110"]
[BlackFideId "4226445"]
[EventDate "2014.08.18"]

1. d4 d5 2. Nf3 Nc6 3. g3 Bg4 4. Bg2 Qd7 5. Ne5 Nxe5 6. dxe5 c6 7. Qd4 h5 8. h3
Bf5 9. c4 dxc4 10. Qxc4 Be6 11. Qa4 Nh6 12. Nc3 g6 13. e4 Bg7 14. f4 h4 15. Bd2
hxg3 16. O-O-O Qc7 17. Be3 O-O 18. Kb1 b5 19. Qc2 Qa5 20. b3 c5 21. Nd5 Bxd5 22.
Rxd5 c4 23. Qxc4 a6 24. Qd3 Rfc8 25. Rc1 Rxc1+ 26. Bxc1 Rc8 27. Bd2 Qb6 28. Be3
Qa5 29. Qd2 Qc7 30. Rc5 Qb7 31. Qd5 Qb8 32. Rxc8+ Qxc8 33. Qc5 Qb7 34. Qd5 Qc7
35. Kb2 Qc8 36. Bd4 e6 37. Qc5 Qd7 38. Qc3 Qb7 39. Qd2 Qc6 40. Qc3 Qb7 41. Qxg3
b4 42. Qf2 Bf8 43. f5 exf5 44. exf5 Qd7 45. fxg6 fxg6 46. Be4 Nf5 47. Bxf5 gxf5
48. Kc2 Qc6+ 49. Kd3 Qb5+ 50. Kc2 Qc6+ 1/2-1/2

[Event "4th Isthmia Open 2014"]
[Site "Vrachati GRE"]
[Date "2014.08.25"]
[Round "9.1"]
[White "Postny, Evgeny"]
[Black "Maiorov, Nikita1"]
[Result "1/2-1/2"]
[WhiteTitle "GM"]
[BlackTitle "GM"]
[WhiteElo "2651"]
[BlackElo "2541"]
[WhiteFideId "2804344"]
[BlackFideId "13501720"]
[EventDate "2014.08.18"]

1. d4 Nf6 2. c4 e6 3. Nf3 b6 4. g3 Bb7 5. Bg2 Be7 6. O-O O-O 7. Re1 d5 8. cxd5
exd5 9. Nc3 Na6 10. Bf4 c6 11. Qc2 Nc7 12. Rad1 Ne6 13. Bc1 Re8 14. a3 h6 15.
Nh4 Bf8 16. Nf5 Ng5 17. Bxg5 1/2-1/2

[Event "4th Isthmia Open 2014"]
[Site "Vrachati GRE"]
[Date "2014.08.25"]
[Round "9.2"]
[White "Banikas, Hristos"]
[Black "Papaioannou, Ioannis"]
[Result "1/2-1/2"]
[WhiteTitle "GM"]
[BlackTitle "GM"]
[WhiteElo "2644"]
[BlackElo "2641"]
[WhiteFideId "4202031"]
[BlackFideId "4201345"]
[EventDate "2014.08.18"]

1. d4 Nf6 2. c4 e6 3. Nf3 c5 4. d5 d6 5. Nc3 exd5 6. cxd5 g6 7. Bf4 a6 8. e4 b5
9. Qe2 Be7 10. Qc2 O-O 11. Be2 1/2-1/2

[Event "4th Isthmia Open 2014"]
[Site "Vrachati GRE"]
[Date "2014.08.25"]
[Round "9.3"]
[White "Delchev, Aleksander"]
[Black "Markidis, Konstantinos"]
[Result "1-0"]
[WhiteTitle "GM"]
[WhiteElo "2655"]
[BlackElo "2322"]
[WhiteFideId "2900394"]
[BlackFideId "4203500"]
[EventDate "2014.08.18"]

1. d4 e6 2. Nf3 Nf6 3. c4 Bb4+ 4. Nbd2 O-O 5. a3 Be7 6. e4 d6 7. Be2 c5 8. d5 e5
9. h3 Nbd7 10. Bd3 Nh5 11. g3 g6 12. Qc2 a6 13. Nf1 b5 14. Ne3 Ndf6 15. Bd2 Bd7
16. Ng1 Re8 17. Ne2 Rb8 18. f3 Kg7 19. Kf2 Qc8 20. h4 Kg8 21. b4 Bd8 22. bxc5
Qxc5 23. Bb4 Qb6 24. cxb5 Rc8 25. Qd2 axb5 26. Kg2 Qb8 27. Rhb1 Bb6 28. a4 Bxe3
29. Qxe3 bxa4 30. Ba3 Qc7 31. Qb6 Qxb6 32. Rxb6 Rb8 33. Rab1 Rxb6 34. Rxb6 Kg7
35. Bxd6 Ng8 36. g4 Nhf6 37. Rb8 Rxb8 38. Bxb8 Ne8 39. Bxe5+ f6 40. Bb2 Kf7 41.
Ba3 Ne7 42. Nc3 Nc8 43. g5 1-0

[Event "4th Isthmia Open 2014"]
[Site "Vrachati GRE"]
[Date "2014.08.25"]
[Round "9.4"]
[White "Nikolaidis, Ioannis"]
[Black "Antic, Dejan"]
[Result "1-0"]
[WhiteTitle "GM"]
[BlackTitle "GM"]
[WhiteElo "2559"]
[BlackElo "2485"]
[WhiteFideId "4202139"]
[BlackFideId "901008"]
[EventDate "2014.08.18"]

1. d4 e6 2. c4 Bb4+ 3. Bd2 a5 4. Nf3 Nf6 5. g3 d5 6. a3 Be7 7. Bg2 O-O 8. O-O c6
9. Qc2 b6 10. Nc3 Ba6 11. cxd5 cxd5 12. Rfc1 Nbd7 13. Qb3 Bc4 14. Qd1 Rc8 15.
Bf4 Nh5 16. e3 Nxf4 17. exf4 Bf6 18. Bf1 Nb8 19. b3 Bxf1 20. Qxf1 Nc6 21. Qd3
Ne7 22. Rc2 Nf5 23. Rac1 Qd7 24. Kg2 h6 25. a4 Nd6 26. Ne5 Bxe5 27. fxe5 Nf5 28.
Nb5 Rxc2 29. Qxc2 Qe7 30. Qd2 f6 31. Rc7 Qd8 32. Qf4 g5 33. Qg4 fxe5 34. dxe5
Qe8 35. h4 Qg6 36. h5 Qe8 37. Nd6 Qd8 38. Rc6 Qd7 39. Nxf5 Rxf5 40. Rxb6 d4 41.
Rd6 Qb7+ 42. Kg1 Qxb3 43. Qxd4 Qb1+ 44. Kg2 Qb7+ 45. Kh2 Qb4 46. Rd8+ Rf8 47.
Qd3 1-0

[Event "4th Isthmia Open 2014"]
[Site "Vrachati GRE"]
[Date "2014.08.25"]
[Round "9.6"]
[White "Sandalakis, Angelos"]
[Black "Kotronias, Vasilios"]
[Result "0-1"]
[BlackTitle "GM"]
[WhiteElo "2406"]
[BlackElo "2552"]
[WhiteFideId "4207645"]
[BlackFideId "5900212"]
[EventDate "2014.08.18"]

1. e4 c5 2. Nf3 Nc6 3. d4 cxd4 4. Nxd4 Nf6 5. Nc3 d6 6. Bg5 e6 7. Qd2 a6 8.
O-O-O Bd7 9. f4 Be7 10. Nb3 b5 11. Bxf6 gxf6 12. Ne2 Qb6 13. g3 h5 14. Ned4
O-O-O 15. Bg2 Kb8 16. Nxc6+ Bxc6 17. Qd4 Ka7 18. Qxb6+ Kxb6 19. Nd4 Bb7 20. Bf3
h4 21. g4 Bf8 22. Rhf1 Bh6 23. Ne2 h3 24. Rd3 e5 25. Kd1 f5 26. gxf5 exf4 27.
Bh1 Bg7 28. Nxf4 Bxb2 29. c3 b4 30. cxb4 Be5 31. Nxh3 Bc6 32. Rf2 Ba4+ 33. Kd2
Rc8 34. Ng5 Rc7 35. Ke3 Bb5 36. Rb3 Rh4 37. Bg2 f6 38. Ne6 Rc1 39. h3 Re1+ 40.
Kd2 Ra1 41. Ke3 Bc4 42. Ra3 Rg1 43. Nd4 d5 44. Nb3 Rd1 45. Rc2 Rd3+ 46. Kf2 Bg3+
47. Kg1 Rd1+ 48. Bf1 Bxf1 49. Rc1 Rxc1 50. Nxc1 Bf4 51. Kxf1 Bxc1 52. Rc3 Bd2
53. Rd3 Bxb4 54. exd5 Rf4+ 55. Kg2 Bd6 56. Rb3+ Kc7 57. Rc3+ Kd7 58. Rc6 Ra4 59.
h4 Rxa2+ 0-1

[Event "4th Isthmia Open 2014"]
[Site "Vrachati GRE"]
[Date "2014.08.25"]
[Round "9.7"]
[White "Halkias, Stelios"]
[Black "Malikentzos, Sotirios"]
[Result "1-0"]
[WhiteTitle "GM"]
[BlackTitle "FM"]
[WhiteElo "2544"]
[BlackElo "2380"]
[WhiteFideId "4201809"]
[BlackFideId "4215079"]
[EventDate "2014.08.18"]

1. c4 e6 2. Nf3 Nf6 3. d4 d5 4. Nc3 Nbd7 5. g3 dxc4 6. Bg2 c6 7. a4 a5 8. O-O
Bb4 9. Qc2 b6 10. Nd2 Nd5 11. Nxc4 Ba6 12. Ne4 O-O 13. Ng5 N7f6 14. e4 h6 15.
Nh3 Ne7 16. Rd1 Ng6 17. b3 Rc8 18. Bb2 Nd5 19. Rac1 Be7 20. Qe2 Nb4 21. Qg4 Kh7
22. f4 f5 23. Qh5 b5 24. Ne3 bxa4 25. exf5 exf5 26. Nxf5 Bd3 27. Nxe7 Qxe7 28.
Re1 a3 29. Bxa3 Qd7 30. Bb2 Bf5 31. Nf2 Nc2 32. Re4 Nb4 33. Rce1 Nd5 34. Bh3 Rb8
35. Ba3 Nb4 36. Bxf5 Rxf5 37. Qd1 Rd5 38. Qb1 Qf5 39. g4 Qf7 40. Nh3 Kh8 41.
Bxb4 Rxb4 42. Re8+ Nf8 43. R1e7 Qf6 44. Qe1 Kg8 45. g5 hxg5 46. Nxg5 Rxg5+ 47.
fxg5 Qxd4+ 48. Re3 Qg4+ 49. Rg3 Qd4+ 50. Qf2 Qd1+ 51. Kg2 Qd5+ 52. Qf3 Qd2+ 53.
Re2 Qd6 54. Rf2 Ng6 55. Qf7+ Kh7 56. Qf5 Kg8 57. Qf7+ Kh7 58. Qf5 Kg8 59. Kg1
Rh4 60. Rd3 Qe7 61. Qxg6 Qe1+ 62. Kg2 Qxf2+ 1-0

[Event "4th Isthmia Open 2014"]
[Site "Vrachati GRE"]
[Date "2014.08.25"]
[Round "9.8"]
[White "Mastrovasilis, Athanasios"]
[Black "Drakoulakos, Grigorios"]
[Result "1-0"]
[WhiteTitle "GM"]
[WhiteElo "2526"]
[BlackElo "2161"]
[WhiteFideId "4201990"]
[BlackFideId "4264541"]
[EventDate "2014.08.18"]

1. d4 Nf6 2. Nf3 e6 3. e3 c5 4. Bd3 Be7 5. O-O O-O 6. b3 b6 7. Bb2 Bb7 8. Nbd2
d6 9. Qe2 Nbd7 10. c3 Qc7 11. e4 Rac8 12. Rfe1 Rfe8 13. Rad1 h6 14. a3 Bf8 15.
Bb1 cxd4 16. cxd4 e5 17. b4 exd4 18. Nxd4 Ne5 19. f4 Ng6 20. Nf5 Nd5 21. Nxh6+
gxh6 22. f5 Nc3 23. Bxc3 Qxc3 24. fxg6 fxg6 25. Qg4 Qg7 26. Nf3 Rc7 27. Nh4 g5
28. Nf5 Qf6 29. Rf1 Qe5 30. Qh5 Bxe4 31. Bxe4 Qxe4 32. Nxh6+ Bxh6 33. Qxh6 Qe3+
34. Kh1 Rh7 35. Qxd6 Qe5 36. Rf8+ Kg7 37. Rxe8 Qxe8 38. Qd7+ Qxd7 39. Rxd7+ Kg6
40. Rxh7 Kxh7 41. Kg1 Kg6 42. Kf2 Kf5 43. Ke3 Ke5 44. h3 a5 45. g3 axb4 46. axb4
b5 47. h4 1-0

[Event "4th Isthmia Open 2014"]
[Site "Vrachati GRE"]
[Date "2014.08.25"]
[Round "9.9"]
[White "Karpatchev, Aleksandr"]
[Black "Kelires, Andreas"]
[Result "1-0"]
[WhiteTitle "GM"]
[WhiteElo "2462"]
[BlackElo "2216"]
[WhiteFideId "4117182"]
[BlackFideId "5900727"]
[EventDate "2014.08.18"]

1. e4 c5 2. c3 d5 3. exd5 Qxd5 4. Nf3 Nf6 5. Na3 a6 6. Nc4 Nbd7 7. Ne3 Qc6 8. d4
e6 9. Be2 Be7 10. O-O O-O 11. a4 b6 12. Ne5 Qc7 13. N3c4 Nxe5 14. dxe5 Rd8 15.
Bd3 Nd5 16. Qg4 Bb7 17. Rd1 b5 18. Bh6 g6 19. Nd6 c4 20. Nxb7 Qxb7 21. Be4 Qc7
22. Bxd5 exd5 23. e6 f5 24. Qf3 bxa4 25. g4 f4 26. Rxd5 Rxd5 27. Qxd5 Rd8 28.
Qe4 Qd6 29. Bxf4 Qd3 30. Qb7 Re8 31. Re1 Qh3 32. f3 Qh4 33. Bg3 Qf6 34. Kg2 Rd8
35. Re2 h5 36. h3 h4 37. Bc7 Rd3 38. Qa8+ Kh7 39. Be5 Qf8 40. Qxf8 Bxf8 41. Bf6 1-0

[Event "4th Isthmia Open 2014"]
[Site "Vrachati GRE"]
[Date "2014.08.25"]
[Round "9.10"]
[White "Dimitrov, Atanas"]
[Black "Zygouris, Hristos"]
[Result "1-0"]
[WhiteTitle "IM"]
[WhiteElo "2324"]
[BlackElo "2187"]
[WhiteFideId "2901315"]
[BlackFideId "4200292"]
[EventDate "2014.08.18"]

1. Nf3 Nf6 2. d4 e6 3. c4 Bb4+ 4. Bd2 a5 5. g3 d6 6. Bg2 Nbd7 7. O-O e5 8. Nc3
O-O 9. Qc2 c6 10. a3 Bxc3 11. Bxc3 exd4 12. Bxd4 a4 13. e4 Re8 14. Rfe1 Ng4 15.
h3 Nge5 16. Nd2 h5 17. Qc3 Qa5 18. Qe3 Nc5 19. Bc3 Qd8 20. f4 Ng6 21. Qd4 f6 22.
Bf3 h4 23. Bh5 Kh7 24. f5 Ne5 25. Bxe8 Qxe8 26. Qe3 Ned3 27. Rf1 Qh5 28. g4 Qh6
29. Qxh6+ Kxh6 30. Rad1 b5 31. Rf3 Ba6 32. cxb5 Bxb5 33. Re3 Re8 34. Nf3 Rxe4
35. Bd2 Kh7 36. Rxe4 Nxe4 37. Bc3 c5 38. Kh2 d5 39. Nd2 Nd6 40. Rb1 Nf4 41. Ba5
Nc4 42. Nxc4 Bxc4 43. Rd1 g5 44. Re1 Ne2 45. Bb6 d4 46. Bxc5 d3 47. Be3 Kg7 48.
Kg2 Bb3 49. Bd2 Kf7 50. Kf2 Bc2 51. Ke3 Ke7 52. Bb4+ Kf7 53. Kd2 Nf4 54. Re7+
Kg8 55. Re3 Ng2 56. Re6 Nf4 57. Re3 Nd5 58. Re8+ Kf7 59. Rf8+ Kg7 60. Rd8 Nf4
61. Bc3 Nxh3 62. Rd7+ Kf8 63. Bxf6 Nf2 64. Rd4 h3 65. Be5 Bd1 66. Bg3 Bf3 67.
Rd8+ Ke7 68. Rh8 Nxg4 69. Rxh3 Be4 70. Rh7+ Kf6 71. Ra7 Kxf5 72. Ra5+ Kf6 73.
Rxa4 Bf5 74. Ra6+ Kf7 75. Ra5 Ke6 76. b4 Bh7 77. Rxg5 Nf6 78. Re5+ Kd7 79. Bh4
Ng8 1-0

[Event "4th Isthmia Open 2014"]
[Site "Vrachati GRE"]
[Date "2014.08.25"]
[Round "9.11"]
[White "Kourkoulos-Arditis, Stamatis"]
[Black "Liodakis, Konstantinos-Spyros"]
[Result "1-0"]
[WhiteTitle "FM"]
[WhiteElo "2296"]
[BlackElo "2170"]
[WhiteFideId "4221990"]
[BlackFideId "4217136"]
[EventDate "2014.08.18"]

1. Nf3 e6 2. g3 b6 3. Bg2 Bb7 4. c4 d6 5. O-O Nd7 6. Nc3 f5 7. d4 Qe7 8. Nb5
Ndf6 9. Qa4 c6 10. Nc3 Qd7 11. Re1 c5 12. Nb5 Bc6 13. Ne5 dxe5 14. Nd6+ Qxd6 15.
Bxc6+ Kf7 16. dxe5 Qd8 17. Bxa8 Qxa8 18. exf6 Nxf6 19. Bf4 Be7 20. Rad1 h6 21.
f3 g5 22. Be5 g4 23. Bxf6 Kxf6 24. e4 gxf3 25. exf5 Rd8 26. Rxd8 Qxd8 27. Qd1
Qxd1 28. Rxd1 e5 29. Rd7 e4 30. Kf2 Bf8 31. Ke3 1-0